[Event "Caribbean-ch (Women)"]
[Site "Carolina"]
[Date "2023.10.25"]
[Round "1"]
[White "Shariff, Sasha Christina"]
[Black "Karelina, Polina"]
[Result "0-1"]
[WhiteElo "1263"]
[BlackElo "1849"]
[PlyCount "86"]
[EventDate "2023.10.25"]
[EventType "swiss"]
[EventRounds "9"]
[EventCountry "PUR"]
[SourceTitle "CB48_2023"]
[SourceDate "2023.11.29"]
[SourceVersion "1"]
[SourceVersionDate "2023.11.29"]
[SourceQuality "1"]

1. e4 d6 2. d4 Nf6 3. Nc3 c6 4. Bf4 Qa5 5. Bd2 e5 6. Nd5 Qd8 7. Nxf6+ Qxf6 8. Be3 g6 9. Qd2 Bg7 10. 0-0-0 0-0 11. Bg5 Qe6 12. d5 cxd5 13. Qxd5 Qxd5 14. Rxd5 f6 15. Bd2 Rd8 16. f4 Be6 17. Rb5 b6 18. f5 Bf7 19. Ne2 Nd7 20. Rb4 a5 21. Ra4 Nc5 22. Ra3 Nxe4 23. Be3 Nc5 24. Nc3 gxf5 25. Nb5 f4 26. Bf2 d5 27. Be2 e4 28. Bxc5 bxc5 29. Nc7 Ra7 30. Nb5 Rb7 31. Rxa5 f5 32. Rf1 Bh6 33. Kb1 c4 34. g3 f3 35. Bd1 Rdb8 36. a4 Be8 37. Ra6 Kg7 38. b3 Bxb5 39. axb5 cxb3 40. cxb3 Rxb5 41. Ra7+ R8b7 42. Rxb7+ Rxb7 43. Kb2 Kf6 0-1

[Event "Olympiad-44"]
[Site "Chennai"]
[Date "2022.08.03"]
[Round "6.3"]
[White "Pillay, Ragul Snega"]
[Black "Karelina, Polina"]
[Result "0-1"]
[WhiteElo "1341"]
[BlackElo "1835"]
[PlyCount "104"]
[EventDate "2022.07.29"]
[EventType "team-swiss"]
[EventRounds "11"]
[EventCountry "IND"]
[SourceTitle "CBM 210"]
[Source "ChessBase"]
[SourceDate "2022.10.31"]
[SourceVersion "1"]
[SourceVersionDate "2022.10.31"]
[SourceQuality "1"]
[WhiteTeam "Seychelles"]
[BlackTeam "Bahamas"]
[WhiteTeamCountry "SEY"]
[BlackTeamCountry "BAH"]

1. d4 Nf6 2. c4 g6 3. Nc3 Bg7 4. e4 d6 5. Nf3 0-0 6. Be2 Nbd7 7. 0-0 e5 8. dxe5 Nxe5 9. Nxe5 dxe5 10. Qc2 c6 11. h3 Be6 12. Be3 Qc7 13. Rad1 a6 14. Na4 Nd7 15. Rd2 Rac8 16. Rfd1 b5 17. Nc5 Nxc5 18. Bxc5 Rfd8 19. b3 Rxd2 20. Qxd2 Bf6 21. Qe3 Rd8 22. Rc1 Rd7 23. cxb5 axb5 24. Bb4 Qb7 25. Qc5 Be7 26. Qc3 Bxb4 27. Qxb4 f6 28. Rc2 Rd4 29. Qc5 Rxe4 30. Bf3 Re1+ 31. Kh2 e4 32. Be2 f5 33. Qc3 Rb1 34. Qxc6 Qxc6 35. Rxc6 Bd7 36. Rc2 Kf7 37. Kg3 Kf6 38. f3 Ke5 39. fxe4 fxe4 40. Bxb5 Bxb5 41. Rc5+ Kd4 42. Rxb5 Rf1 43. Rb4+ Kd3 44. Rb8 e3 45. Rd8+ Kc2 46. Rc8+ Kd2 47. Rd8+ Ke1 48. a4 e2 49. Kh2 Kf2 50. Rd2 Rb1 51. a5 Rxb3 52. a6 Ra3 0-1

[Event "Olympiad-44"]
[Site "Chennai"]
[Date "2022.08.02"]
[Round "5.2"]
[White "Belzo, Krzysztof"]
[Black "Karelina, Polina"]
[Result "1-0"]
[WhiteElo "2080"]
[BlackElo "1835"]
[PlyCount "63"]
[EventDate "2022.07.29"]
[EventType "team-swiss"]
[EventRounds "11"]
[EventCountry "IND"]
[SourceTitle "CBM 210"]
[Source "ChessBase"]
[SourceDate "2022.10.31"]
[SourceVersion "1"]
[SourceVersionDate "2022.10.31"]
[SourceQuality "1"]
[WhiteTeam "Jersey"]
[BlackTeam "Bahamas"]
[WhiteTeamCountry "GCI"]
[BlackTeamCountry "BAH"]

1. d4 Nf6 2. Nf3 g6 3. c4 Bg7 4. Nc3 0-0 5. g3 d6 6. Bg2 Nc6 7. 0-0 Bd7 8. Bg5 h6 9. Bf4 Nh5 10. Be3 Qc8 11. Qd2 Kh7 12. d5 Na5 13. b3 c5 14. dxc6 Nxc6 15. Nd4 Bh3 16. Rac1 Bxg2 17. Kxg2 Nxd4 18. Bxd4 Qc6+ 19. f3 e5 20. Bg1 f5 21. Rfd1 Rf6 22. Nb5 a6 23. Nxd6 Rd8 24. c5 Bf8 25. Qb4 b6 26. cxb6 Qa8 27. Rc7+ Ng7 28. Bc5 a5 29. Qb5 e4 30. b7 Qb8 31. Rc8 Rxc8 32. bxc8Q 1-0

[Event "AUT-chT2 (Women) 2122"]
[Site "Austria"]
[Date "2022.04.03"]
[Round "7.2"]
[White "Jeitler, Selina"]
[Black "Karelina, Polina"]
[Result "0-1"]
[WhiteElo "1247"]
[BlackElo "1794"]
[PlyCount "68"]
[EventDate "2021.10.17"]
[EventType "team-tourn"]
[EventRounds "7"]
[EventCountry "AUT"]
[SourceTitle "EXT 2024"]
[Source "ChessBase"]
[SourceDate "2023.10.10"]
[SourceVersion "1"]
[SourceVersionDate "2023.10.10"]
[SourceQuality "1"]
[WhiteTeam "Gloggnitz (W)"]
[BlackTeam "Pamhagen (W) II"]
[WhiteTeamCountry "AUT"]
[BlackTeamCountry "AUT"]

1. e4 d6 2. d4 Nf6 3. Nc3 c6 4. Bg5 Nbd7 5. Nf3 e5 6. dxe5 dxe5 7. a3 Be7 8. Bc4 0-0 9. 0-0 Qc7 10. Ne2 Nc5 11. Bxf6 Bxf6 12. Ng3 Bg4 13. h3 Rad8 14. Qe2 Bc8 15. Rad1 b5 16. Ba2 a6 17. Qe3 Ne6 18. c3 c5 19. Rd2 Rxd2 20. Qxd2 Rd8 21. Qc2 Ng5 22. Nxg5 Bxg5 23. Bd5 c4 24. a4 Qb6 25. b3 Bh4 26. Kh2 Be6 27. Rd1 Bxd5 28. Rxd5 Rxd5 29. exd5 cxb3 30. Qxb3 Qxf2 31. Nh1 Qf4+ 32. Kg1 Qxa4 33. Qb4 Qxb4 34. cxb4 Be7 0-1

[Event "AUT-chT2 (Women) 2122"]
[Site "Austria"]
[Date "2022.04.03"]
[Round "6.2"]
[White "Karelina, Polina"]
[Black "Karner, Sylvia"]
[Result "1-0"]
[WhiteElo "1794"]
[BlackElo "1718"]
[PlyCount "85"]
[EventDate "2021.10.17"]
[EventType "team-tourn"]
[EventRounds "7"]
[EventCountry "AUT"]
[SourceTitle "EXT 2024"]
[Source "ChessBase"]
[SourceDate "2023.10.10"]
[SourceVersion "1"]
[SourceVersionDate "2023.10.10"]
[SourceQuality "1"]
[WhiteTeam "Pamhagen (W) II"]
[BlackTeam "Baden (W) II"]
[WhiteTeamCountry "AUT"]
[BlackTeamCountry "AUT"]

1. e4 c5 2. Nc3 d6 3. g3 g6 4. Bg2 Bg7 5. d3 Nc6 6. f4 Nf6 7. Nf3 0-0 8. 0-0 Rb8 9. h3 b5 10. g4 Re8 11. Ne2 Bb7 12. c3 Qc7 13. f5 Ne5 14. Nxe5 dxe5 15. Ng3 Rbd8 16. Qf3 Rf8 17. Qe2 c4 18. dxc4 bxc4 19. Be3 Rd3 20. Rad1 Rfd8 21. Rxd3 cxd3 22. Qd2 a5 23. Rd1 a4 24. b3 axb3 25. axb3 Bc6 26. g5 Ne8 27. b4 Bb5 28. Bc5 Nd6 29. Bf1 gxf5 30. Bxd6 Rxd6 31. Nxf5 Rg6 32. h4 h6 33. Kh2 hxg5 34. h5 e6 35. hxg6 exf5 36. gxf7+ Kxf7 37. Bxd3 Bxd3 38. Qxd3 fxe4 39. Qxe4 Qxc3 40. Rd7+ Kg8 41. Rd8+ Kf7 42. Qf5+ Ke7 43. Rd7+ 1-0

[Event "Vienna (Women)"]
[Site "Vienna"]
[Date "2022.02.20"]
[Round "4"]
[White "Froewis, Annika"]
[Black "Karelina, Polina"]
[Result "1-0"]
[WhiteElo "2065"]
[BlackElo "1796"]
[PlyCount "81"]
[EventDate "2022.02.17"]
[EventType "tourn"]
[EventRounds "9"]
[EventCountry "AUT"]
[SourceTitle "CBM 207 Extra"]
[Source "ChessBase"]
[SourceDate "2022.05.31"]
[SourceVersion "1"]
[SourceVersionDate "2022.05.31"]
[SourceQuality "1"]

1. e4 d6 2. d4 Nf6 3. Nc3 c6 4. Be3 e5 5. dxe5 dxe5 6. Qxd8+ Kxd8 7. 0-0-0+ Ke8 8. f3 Be6 9. g4 h6 10. Kb1 Nbd7 11. Bf2 Bc5 12. Bg3 Nh7 13. Nge2 Ng5 14. Bg2 Bc4 15. b3 Ba6 16. f4 exf4 17. Nxf4 Ne5 18. Nfd5 cxd5 19. Bxe5 f6 20. Bg3 d4 21. Nd5 Kf7 22. b4 Bb6 23. Nxb6 axb6 24. Rxd4 Be2 25. Rd7+ Kg6 26. e5 Bxg4 27. Rxb7 Be6 28. h4 Bxa2+ 29. Kb2 Ne6 30. Rxb6 Ra4 31. Ra1 Rc8 32. c3 Bb3 33. Rxa4 Bxa4 34. Rxe6 Rc4 35. Bf3 Kf5 36. Ra6 Bd7 37. Kb3 Rc8 38. Ra5 Be6+ 39. Kc2 Rd8 40. exf6+ Kxf6 41. Be5+ 1-0

[Event "Vienna (Women)"]
[Site "Vienna"]
[Date "2022.02.18"]
[Round "2"]
[White "Bashylina, Luisa"]
[Black "Karelina, Polina"]
[Result "1-0"]
[WhiteElo "2047"]
[BlackElo "1796"]
[PlyCount "135"]
[EventDate "2022.02.17"]
[EventType "tourn"]
[EventRounds "9"]
[EventCountry "AUT"]
[SourceTitle "CBM 207 Extra"]
[Source "ChessBase"]
[SourceDate "2022.05.31"]
[SourceVersion "1"]
[SourceVersionDate "2022.05.31"]
[SourceQuality "1"]

1. d4 Nf6 2. c4 g6 3. Nc3 Bg7 4. e4 d6 5. Be2 0-0 6. Be3 e5 7. d5 a5 8. g4 Na6 9. h4 Nc5 10. f3 h5 11. g5 Nfd7 12. Nh3 Na6 13. Nf2 Ndc5 14. Kf1 f5 15. gxf6 Bxf6 16. Rg1 Kh7 17. Bg5 Bxg5 18. hxg5 Rf4 19. Qd2 Qf8 20. Qe3 Nb4 21. Rc1 a4 22. Ke1 Bd7 23. Kd2 Qe7 24. Rg2 Raf8 25. Rh1 Kg7 26. Kc1 R8f7 27. Kb1 Qf8 28. Rgh2 Qa8 29. a3 Nba6 30. Ng4 Qd8 31. Nf6 R7xf6 32. gxf6+ Qxf6 33. Rg1 Kf8 34. Nb5 Nb3 35. Qa7 Nd2+ 36. Ka2 Nxf3 37. Bxf3 Rxf3 38. Rhg2 Bg4 39. Qxb7 Nc5 40. Qxc7 Nxe4 41. Qb8+ Kg7 42. Qa7+ Kh6 43. Qxa4 Rf1 44. Qc2 Rxg1 45. Rxg1 Qf4 46. a4 Qe3 47. Qc1 Nd2 48. Nc3 Bf5 49. Re1 Qf4 50. b3 g5 51. a5 Qd4 52. Rd1 Nxb3 53. Kxb3 Bd3 54. Na4 Bxc4+ 55. Ka3 Qe4 56. Qc3 Qe2 57. Rd2 Qf1 58. Nb6 Ba6 59. Qc7 Qf3+ 60. Kb2 Qf6 61. Nd7 Qe7 62. Rf2 e4 63. Rf6+ Kg7 64. Qc3 Kh7 65. Nf8+ Kg8 66. Rg6+ Kf7 67. Qg7+ Ke8 68. Re6 1-0

[Event "Vienna Silvester op-A"]
[Site "Vienna"]
[Date "2021.12.31"]
[Round "5"]
[White "Karelina, Polina"]
[Black "Kellner, Nikolaus"]
[Result "0-1"]
[WhiteElo "1804"]
[BlackElo "1702"]
[PlyCount "62"]
[EventDate "2021.12.27"]
[EventType "swiss"]
[EventRounds "7"]
[EventCountry "AUT"]
[SourceTitle "EXT 2023"]
[Source "ChessBase"]
[SourceDate "2022.10.05"]
[SourceVersion "1"]
[SourceVersionDate "2022.10.05"]
[SourceQuality "1"]

1. e4 d5 2. exd5 Nf6 3. d4 Bg4 4. f3 Bf5 5. Bb5+ Nbd7 6. c4 e6 7. dxe6 Bxe6 8. Bxd7+ Qxd7 9. b3 0-0-0 10. Ne2 Bc5 11. Be3 Rhe8 12. Kf2 Bf5 13. Nbc3 Qe7 14. Bg5 h6 15. Nd5 Qxe2+ 16. Qxe2 Rxe2+ 17. Kxe2 Re8+ 18. Ne3 Bxd4 19. Rad1 c5 20. Kf2 Bh7 21. Kg3 hxg5 22. Ng4 Nh5+ 23. Kh3 f5 24. Rhe1 fxg4+ 25. Kxg4 Nf6+ 26. Kxg5 Be3+ 27. f4 Ne4+ 28. Kh5 Bxf4 29. Rf1 Nf6+ 30. Kh4 g5+ 31. Kh3 Bf5+ 0-1

[Event "Vienna Silvester op-A"]
[Site "Vienna"]
[Date "2021.12.28"]
[Round "2"]
[White "Karelina, Polina"]
[Black "Bytyqi, Kujtim"]
[Result "1-0"]
[WhiteElo "1804"]
[BlackElo "1904"]
[PlyCount "115"]
[EventDate "2021.12.27"]
[EventType "swiss"]
[EventRounds "7"]
[EventCountry "AUT"]
[SourceTitle "EXT 2023"]
[Source "ChessBase"]
[SourceDate "2022.10.05"]
[SourceVersion "1"]
[SourceVersionDate "2022.10.05"]
[SourceQuality "1"]

1. e4 c5 2. Nc3 Nc6 3. g3 g6 4. Bg2 Bg7 5. d3 d6 6. f4 Rb8 7. Be3 b5 8. Rb1 Qa5 9. e5 Bb7 10. exd6 exd6 11. Nge2 b4 12. Ne4 b3+ 13. Bd2 bxc2 14. Qxc2 Nb4 15. Qb3 Bxe4 16. Bxe4 Qxa2 17. Bc6+ Kf8 18. Qxa2 Nxa2 19. 0-0 Nb4 20. Bxb4 Rxb4 21. Nc3 Ne7 22. Bb5 d5 23. Rfe1 Bf6 24. Bd7 Kg7 25. Rxe7 Bxe7 26. Nxd5 Rd4 27. Bc6 Bd6 28. Ra1 Rc8 29. Bb7 Rb8 30. Rxa7 Rxb7 31. Rxb7 Rxd5 32. Rb3 Rd4 33. Rc3 Kf6 34. Kf2 Ke6 35. Ke3 Kd5 36. Ra3 c4 37. Ra5+ Bc5 38. dxc4+ Rxc4+ 39. Kd3 Rb4 40. Kc3 Re4 41. Kd3 Re3+ 42. Kd2 Rb3 43. Kc2 Kc4 44. Rxc5+ Kxc5 45. Kxb3 Kb5 46. Kc3 Kc5 47. h3 f5 48. b4+ Kd5 49. Kd3 h6 50. h4 Kc6 51. Kd4 Kd6 52. b5 h5 53. Kc4 Kd7 54. Kc5 Kc7 55. b6+ Kb7 56. Kb5 Kb8 57. Kc6 Kc8 58. Kd6 1-0

[Event "Caissa Guatemala Online"]
[Site "Chess.com INT"]
[Date "2021.01.23"]
[Round "4"]
[White "Ramirez Marino, Richard Daniel"]
[Black "Karelina, Polina"]
[Result "1/2-1/2"]
[WhiteElo "2085"]
[BlackElo "1767"]
[PlyCount "92"]
[EventDate "2021.01.23"]
[EventType "swiss (blitz)"]
[EventRounds "7"]
[EventCountry "GUA"]
[SourceTitle "CBM 200 Extra"]
[Source "ChessBase"]
[SourceDate "2021.03.31"]
[SourceVersion "1"]
[SourceVersionDate "2021.03.31"]
[SourceQuality "1"]

1. e4 d6 2. d4 Nf6 3. Nc3 c6 4. f4 Qa5 5. Bd3 e5 6. Nf3 exd4 7. Nxd4 g6 8. Nb3 Qc7 9. 0-0 Bg7 10. f5 0-0 11. Qe1 Nbd7 12. Qh4 Ne5 13. Bg5 Neg4 14. h3 h6 15. hxg4 hxg5 16. Qxg5 Nh7 17. Qh4 Qd8 18. Qxd8 Rxd8 19. Bc4 b5 20. Bd3 Nf6 21. g5 Ng4 22. f6 Bf8 23. a4 b4 24. Ne2 c5 25. Nf4 Ne5 26. Nd2 Bb7 27. Nd5 Bxd5 28. exd5 b3 29. Rf4 bxc2 30. Bxc2 Rab8 31. b3 Rb4 32. Raf1 Rd4 33. Rxd4 cxd4 34. Nc4 Rc8 35. Nxe5 dxe5 36. Be4 Bb4 37. Rf3 Rc3 38. Rxc3 dxc3 39. Kf2 Kf8 40. Ke2 Ke8 41. Kd3 Kd7 42. Kc4 a5 43. Bc2 Kd6 44. Be4 Kd7 45. Bc2 Kd6 46. Be4 Kd7 1/2-1/2

[Event "Mukachevo Rating 39th"]
[Site "Mukachevo"]
[Date "2019.06.28"]
[Round "7"]
[White "Karelina, Polina"]
[Black "Terletsky, Oleg"]
[Result "0-1"]
[WhiteElo "1718"]
[BlackElo "2318"]
[PlyCount "56"]
[EventDate "2019.06.24"]
[EventType "tourn"]
[EventRounds "9"]
[EventCountry "UKR"]
[EventCategory "1"]
[SourceTitle "CBM 191 Extra"]
[Source "ChessBase"]
[SourceDate "2019.09.30"]
[SourceVersion "1"]
[SourceVersionDate "2019.09.30"]
[SourceQuality "1"]

1. e4 e5 2. Nf3 Nc6 3. Bc4 Nf6 4. d3 h6 5. h3 d6 6. a4 g6 7. 0-0 Bg7 8. c3 0-0 9. Re1 Kh7 10. Na3 Be6 11. d4 Bxc4 12. Nxc4 exd4 13. cxd4 d5 14. exd5 Nxd5 15. Nce5 Nxe5 16. dxe5 Qd7 17. b3 Rad8 18. Bb2 c5 19. Nd2 Nf4 20. Nc4 Nd3 21. Re2 Qf5 22. Qc2 Nf4 23. Rd2 Qg5 24. g3 Nxh3+ 25. Kh2 Rxd2 26. Nxd2 Nxf2 27. Nf3 Ng4+ 28. Kg1 Qe3+ 0-1

[Event "Mukachevo Rating 39th"]
[Site "Mukachevo"]
[Date "2019.06.25"]
[Round "2"]
[White "Karelina, Polina"]
[Black "Tiba, Vladyslav"]
[Result "0-1"]
[WhiteElo "1718"]
[BlackElo "2375"]
[PlyCount "42"]
[EventDate "2019.06.24"]
[EventType "tourn"]
[EventRounds "9"]
[EventCountry "UKR"]
[EventCategory "1"]
[SourceTitle "CBM 191 Extra"]
[Source "ChessBase"]
[SourceDate "2019.09.30"]
[SourceVersion "1"]
[SourceVersionDate "2019.09.30"]
[SourceQuality "1"]

1. Nf3 Nf6 2. d4 g6 3. g3 Bg7 4. Bg2 0-0 5. 0-0 d6 6. Nc3 Nbd7 7. e4 e5 8. b4 exd4 9. Nxd4 Nb6 10. Rb1 Ng4 11. f4 c5 12. Nde2 cxb4 13. Rxb4 Qc7 14. Rb3 Be6 15. Nd5 Qc5+ 16. Kh1 Bxd5 17. exd5 Rfe8 18. Rbf3 Nxd5 19. Ba3 Qc4 20. Re1 Nde3 21. Qd2 Nxc2 0-1

[Event "Olympiad-43"]
[Site "Batumi"]
[Date "2018.09.27"]
[Round "4.68"]
[White "Karelina, Polina"]
[Black "Aloma Vidal, Roberto"]
[Result "0-1"]
[WhiteElo "1631"]
[BlackElo "2428"]
[PlyCount "64"]
[EventDate "2018.09.24"]
[EventType "team-swiss"]
[EventRounds "11"]
[EventCountry "GEO"]
[SourceTitle "CBM 187"]
[Source "ChessBase"]
[SourceDate "2018.12.11"]
[SourceVersion "1"]
[SourceVersionDate "2018.12.11"]
[SourceQuality "1"]
[WhiteTeam "Bahamas"]
[BlackTeam "Andorra"]
[WhiteTeamCountry "BAH"]
[BlackTeamCountry "AND"]

1. e4 c6 2. d3 d5 3. Nd2 g6 4. g3 Bg7 5. Bg2 e5 6. Ngf3 Ne7 7. 0-0 0-0 8. b3 c5 9. Bb2 Nbc6 10. Re1 d4 11. a4 h6 12. Qe2 Bg4 13. h3 Be6 14. Nc4 a6 15. a5 Bxc4 16. bxc4 Nxa5 17. c3 b5 18. cxd4 cxd4 19. Nd2 bxc4 20. Nxc4 Nxc4 21. dxc4 Nc6 22. f4 exf4 23. gxf4 d3 24. Qd2 Qb6+ 25. Kh1 Qxb2 26. Qxd3 Rfd8 27. Qf1 Rd2 28. e5 Rc8 29. Rxa6 Nd4 30. Rb1 Qc3 31. Bd5 Qg3 32. Bg2 Rf2 0-1

[Event "Olympiad-43"]
[Site "Batumi"]
[Date "2018.09.26"]
[Round "3.88"]
[White "Bongo Akanga Ndjila, Barthelemy"]
[Black "Karelina, Polina"]
[Result "1/2-1/2"]
[WhiteElo "1765"]
[BlackElo "1631"]
[PlyCount "141"]
[EventDate "2018.09.24"]
[EventType "team-swiss"]
[EventRounds "11"]
[EventCountry "GEO"]
[SourceTitle "CBM 187"]
[Source "ChessBase"]
[SourceDate "2018.12.11"]
[SourceVersion "1"]
[SourceVersionDate "2018.12.11"]
[SourceQuality "1"]
[WhiteTeam "Gabun"]
[BlackTeam "Bahamas"]
[WhiteTeamCountry "GAB"]
[BlackTeamCountry "BAH"]

1. d4 Nf6 2. c4 g6 3. Nc3 Bg7 4. e4 d6 5. Be2 0-0 6. Nf3 e5 7. d5 Nbd7 8. Be3 Ng4 9. Bg5 f6 10. Bd2 a5 11. Qc1 f5 12. Bg5 Ngf6 13. exf5 gxf5 14. Bh6 Qe7 15. Qg5 Nc5 16. 0-0 Qf7 17. Nb5 Ne8 18. Bxg7 Nxg7 19. Nd2 Kh8 20. f4 e4 21. Qg3 Qe7 22. Nb3 Nxb3 23. Qxb3 c6 24. Nd4 cxd5 25. cxd5 Ne8 26. Bh5 Nf6 27. Be2 a4 28. Qa3 Nxd5 29. Rad1 Nc7 30. Nc2 Rd8 31. Ne3 Qf6 32. Rc1 Ne8 33. Rfd1 Be6 34. Bb5 Qf7 35. Bxe8 Rxe8 36. Qxd6 Re7 37. Rc5 Rf8 38. g3 Kg8 39. Nxf5 Bxf5 40. Rxf5 Qxf5 41. Qxe7 Qg6 42. Rd7 Re8 43. Qg5 Qxg5 44. fxg5 e3 45. Kf1 Rf8+ 46. Ke1 b5 47. Rd5 Rf2 48. Rxb5 Rxh2 49. Rb4 a3 50. bxa3 Rxa2 51. Rb3 e2 52. Rb8+ Kg7 53. Ra8 Kg6 54. Ra5 Kh5 55. Kf2 Kg4 56. Ra8 Kxg5 57. a4 Kg4 58. a5 e1Q+ 59. Kxe1 Kxg3 60. a6 h5 61. a7 Kh3 62. Kf1 Kh4 63. Ke1 Kh3 64. Kd1 Kh4 65. Kc1 Kh3 66. Kb1 Ra6 67. Kb2 h4 68. Kb3 Kh2 69. Kb4 h3 70. Kb5 Ra1 71. Kb6 1/2-1/2